00163nam a2200061Ia 4500008004100000100002100041245003900062120527s9999 xx 000 0 und d aFalvell, H. John aThe development Psychology of jean